Methods of test for vulcanized rubbers. Part VI. Resistance to liquids (Record no. 73679)

MARC details
000 -LEADER
fixed length control field 00352nam a2200121Ia 4500
245 #0 - TITLE STATEMENT
Title Methods of test for vulcanized rubbers. Part VI. Resistance to liquids
260 ## - PUBLICATION, DISTRIBUTION, ETC. (IMPRINT)
Year of publication 1967
500 ## - GENERAL NOTE
General note Standard number: IS 3400 Part VI
650 ## - SUBJECT ADDED ENTRY--TOPICAL TERM
Topical Term Liquid resistance
650 ## - SUBJECT ADDED ENTRY--TOPICAL TERM
Topical Term Vulcanized rubber
942 ## - ADDED ENTRY ELEMENTS (KOHA)
Koha item type Standards
Holdings
Withdrawn status Lost status Damaged status Not for loan Collection code Home library Current library Date acquired Koha item type
      Standards Indian standards RRII Library RRII Library 31/12/2021 Standards